| 000 | 01012nam a2200301 a 4500 | ||
|---|---|---|---|
| 001 | 000111419 | ||
| 003 | CHAP | ||
| 005 | 20220329144210.0 | ||
| 008 | 150409s2014 mx a |rm |0|||||spa d | ||
| 010 | _a107881 | ||
| 011 | _a108853 | ||
| 040 | _cCHAP | ||
| 090 | _aTesis | ||
| 100 | 1 |
_aSegura Esparragoza, Edgar Omar _9129269 |
|
| 245 | 1 | 0 |
_aEvaluación del efecto anti-inflamtorio del aceite esencial de Poliomintha longiflora Gray / _cpor Edgar Omar Segura Esarragoza. |
| 260 |
_aSan Luis Potosí, SLP. México : _bEl autor, _c2014. |
||
| 300 |
_a42 h. : _bil. |
||
| 502 | _aTesis (Químico Farmacobiólogo) -- UASLP. Facultad de Ciencias Químicas | ||
| 590 |
_aBATCH-UPD _b05 _c20150409 _lUCH01 _h1220 |
||
| 590 |
_aE5652GLJ _b05 _c20150409 _lUCH01 _h1219 |
||
| 650 | 1 | 4 |
_aAceite de oregano _xAnálisis. _9125631 |
| 650 | 1 | 4 |
_aAceite de oregano _xUso terapéutico. _9129284 |
| 650 | 1 | 4 |
_aAceites esenciales. _9455 |
| 650 | 1 | 4 |
_aAceites vegetales. _9457 |
| 901 | _aBK | ||
| 942 | _cTESIS | ||
| 942 | _n0 | ||
| 999 |
_c107881 _d107881 |
||